=LDR 00000nam 2200000 4500 =001 INLIS000000000028942 =005 20130612131218 =008 ***********************************ind** =035 ##$$0010-061300000028942 =041 ##$$a ind =082 ##$$a 370.157 =090 ##$$a 370.157, MUN m =100 ##$$a Munandar, S.C. Utami =245 ##$$a Mengembangkan bakat dan kreativitas anak sekolah, penuntun bagi guru dan orang tua, S.C. Utami Munandar =260 ##$$a 1990 $b Jakarta =300 ##$$a xviii, 216 hlm., ilus., 21 cm =650 ##$$a Pendidikan =650 ##$$a Metode Pengajaran =850 ##$$a NBPNMAT